00389nam a2200109Ia 4500008004100000082002100041100002100062245007500083260003900158630001800197650006400215211109s9999||||xx |||||||||||||| ||und|| a294.59218bHIR-K aHiriyana, M Tr,  0aKathopanishad Eng Translation With The Commentry Of Sree Sankaracharia bNATIONAL BOOKSTALLaKottayamc1900 xGeneral Stack aReligions of Indic originvReligionVedasHinduismxGeneralia